| 000 | 00430nam a2200169 a 4500 | ||
|---|---|---|---|
| 001 | 0000-8825 | ||
| 003 | ELIB.Books | ||
| 008 | 110520 1962 | ||
| 035 | _a(ELIB.Books)0000-8971 | ||
| 082 |
_a248.3 _bFul |
||
| 100 | _aFulton, Mary Beth | ||
| 245 | _aThis Love of which I Speak | ||
| 260 |
_bChicago: The Judson Press _c1962 |
||
| 650 | _aChristian Life | ||
| 942 |
_2ddc _cBK |
||
| 998 |
_cbat _e2011-05-20 |
||
| 999 |
_c8825 _d8825 |
||